| 000 | 00393nam a2200157Ia 4500 | ||
|---|---|---|---|
| 999 |
_c246 _d246 |
||
| 003 | OSt | ||
| 005 | 20210909104558.0 | ||
| 008 | 190216s9999||||xx |||||||||||||| ||und|| | ||
| 040 | _coclc | ||
| 082 |
_a492.7 _bALH/A |
||
| 100 | _aNull | ||
| 245 | 0 | _aAlauddin / | |
| 260 |
_bAl Huda Book Stall, _aCalicut: |
||
| 300 | _a20p | ||
| 942 |
_cBK _2ddc _h492.7 _iALH/A _k492.7 _mALH/A |
||